000 00803nam a2200265 i 4500
001 20062
003 ES-MaACL
005 20230906152228.0
007 t|
008 021122s2002 sp ||||1| spa d
020 _a84-8307-485-0
080 _a929 Tolkien, J. R. R.
100 1 _aWhite, Michael.
_9116678
245 1 0 _aTolkien
_b: biografía /
_cMichael White ; traducción de Inés Belaustegui.
250 _a1ª ed.
260 _aBarcelona :
_bPenínsula,
_c2002.
300 _a286 p., [8] p. de lám. ;
_c26 cm.
490 1 _aAtalaya ;
_v103
504 _aBibliografía: p. 281-286.
600 1 4 _aTolkien, J. R. R.-
_xBiografías.
_9110464
700 1 _aBelaustegui, Inés.
_927125
830 0 _aAtalaya ;
_v103
_9180261
852 _aES-MaACL
_jL-26170
_bR.131734
999 _c20062
_d20062